Especies de Osos - Estadísticas

Estadísticas generales
  • Esta prueba ha sido intentada 83 veces
  • La puntuación promedio es 5 de 8
Estadísticas de respuestas
Oso % Correcto
Polar
97%
Pardo
96%
Panda
94%
Negro
76%
Bezudo
50%
Malayo
46%
De Anteojos
42%
Tibetano
18%
No se encontraron pruebas coincidentes
Distribución de puntuación
Porcentaje de gente con cada puntuación
Porcentaje por número respondido
Historial de tus puntuaciones
No has intentado esta prueba.